Hauptstädte der Welt ohne N im Namen - Statistiken

Allgemein
  • Dieses Quiz wurde 194 mal gespielt
    168 seit der letzten Aktualisierung
  • Das Durchschnittsergebnis liegt bei 57 aus 105
Antwortstatistiken
Hint Antwort % Korrekt
Madrid
93%
Rom
93%
Oslo
92%
Moskau
89%
Prag
89%
Paris
87%
Stockholm
87%
Warschau
87%
Brüssel
86%
Budapest
86%
Riga
86%
Bukarest
85%
Zagreb
85%
Europa Amsterdam
84%
Reykjavik
83%
Kairo
82%
Luxemburg
79%
Mexiko-Stadt
79%
Tokio
79%
Kiew
77%
Ottawa
77%
Sofia
76%
Algier
74%
Bratislava
74%
Vaduz
74%
Brasilia
70%
Valletta
70%
Belgrad
69%
Riad
69%
Sarajevo
68%
Bagdad
67%
Seoul
67%
Bogota
66%
Lima
66%
Skopje
66%
Baku
64%
Podgorica
64%
Tiflis
64%
Jakarta
62%
Jerusalem
62%
Rabat
62%
Quito
61%
Caracas
60%
Kabul
60%
Guatemala-Stadt
57%
Accra
56%
Islamabad
56%
Dakar
55%
Doha
55%
Bischkek
54%
Asien Abu Dhabi
53%
Beirut
53%
Male
51%
Dili
49%
Dhaka
48%
Kuwait-Stadt
48%
Pretoria
48%
Tripolis
48%
Afrika Abuja
47%
Damaskus
47%
Kapstadt
47%
Kuala Lumpur
46%
Addis Abeba
45%
Maskat
44%
Taipeh
44%
Asgabat
43%
Sucre
43%
Port Moresby
41%
Dschibuti
39%
Libreville
39%
Maputo
39%
Paramaribo
39%
Tegucigalpa
39%
Asmara
38%
Juba
38%
La Paz
38%
Mogadischu
38%
Victoria
38%
Khartum
37%
Lome
37%
Port Louis
36%
Bissau
34%
Kampala
33%
Port Vila
33%
Suva
33%
Bamako
32%
Castries
32%
Harare
31%
Praia
31%
Sao Tome
31%
Yamoussoukro
31%
Amerika Basseterre
30%
Dodoma
30%
Kigali
30%
Ouagadougou
30%
Roseau
30%
Thimphu
30%
Ozeanien Apia
29%
Colombo
28%
Lusaka
28%
Maseru
28%
Palikir
25%
Majuro
24%
Gitega
23%
Tarawa
13%
Keine übereinstimmenden Quizze gefunden
Verteilung der Resultate
Anzahl Personen mit jedem Resultat
Perzentil nach korrekt beantworteten Fragen
Ihre Resultats-Entwicklung
Sie haben dieses Quiz seit der letzten Aktualisierung nicht gespielt